| 000 | 00642nmc a2200229 a 4500 | ||
|---|---|---|---|
| 003 | AR-BaBNM | ||
| 005 | 20251128205649.0 | ||
| 008 | 011101s1997 ||||||||||||||000 | spa|| | ||
| 020 | _a84-7133-673-1 | ||
| 040 | _cAR-BaBNM | ||
| 100 | 1 | _aGorrochotegui, Alfredo Antonio | |
| 245 | 1 | 0 |
_aManual de liderazgo para directivos escolares _bcompendio de autores y modelos |
| 260 |
_aMadrid _bLa Muralla _c1997 |
||
| 300 | _a166 p. | ||
| 490 | 0 | _aAula abierta | |
| 650 | 4 | _aLIDERAZGO | |
| 650 | 4 | _aADMINISTRACION ESCOLAR | |
| 653 | _aDIRECTORES DE ESCUELA | ||
| 800 | 1 |
_aCasanova, MarĂa Antonia _edirector |
|
| 942 | _cBK | ||
| 998 | _claura | ||
| 999 |
_c12303 _d12303 |
||